000 00316nam a22001457a 4500
008 210527b ||||| |||| 00| 0 eng d
020 _a1560810416
041 _aeng
080 _a54
082 _a54
100 _a12
101 _aKIM
245 _aMolelucar Recognition Mechanisms
_cDelaage,M
942 _2udc
_cBK
999 _c57698
_d57698